Luật tập quán và quyền con người : Sách chuyên khảo

Bao gồm nội dung cơ bản của luật tập quán và quyền con người trên thế giới như các vấn đề của luật tập quán với góc nhìn khác nhau trên thế giới, thuyết đa nguyên pháp luật và vấn đề công nhận...Công nhận và áp dụng luật tập quán...

Täydet tiedot

Tallennettuna:
Bibliografiset tiedot
Päätekijä: Phan, Nhật Thanh
Aineistotyyppi: Kirja
Kieli:Undetermined
Julkaistu: Hà Nội Hồng Đức 2013
Aiheet:
Tagit: Lisää tagi
Ei tageja, Lisää ensimmäinen tagi!
Thư viện lưu trữ: Trung tâm Học liệu Trường Đại học Cần Thơ
LEADER 01057nam a2200217Ia 4500
001 CTU_192724
008 210402s9999 xx 000 0 und d
020 |c 49000 
082 |a 342.08 
082 |b Th107 
100 |a Phan, Nhật Thanh 
245 0 |a Luật tập quán và quyền con người : 
245 0 |b Sách chuyên khảo 
245 0 |c Phan Nhật Thanh chủ biên 
260 |a Hà Nội 
260 |b Hồng Đức 
260 |c 2013 
520 |a Bao gồm nội dung cơ bản của luật tập quán và quyền con người trên thế giới như các vấn đề của luật tập quán với góc nhìn khác nhau trên thế giới, thuyết đa nguyên pháp luật và vấn đề công nhận...Công nhận và áp dụng luật tập quán tại Việt Nam với việc bảo đảm quyền con người 
650 |a Citizen,Công dân 
910 |a Hải 
980 |a Trung tâm Học liệu Trường Đại học Cần Thơ